[Event "Portugal Open 2019"]
[Site "Lisbon"]
[Date "2019.02.06"]
[Round "6.7"]
[White "Di Nicolantonio, Lucas"]
[Black "Annaberdiev, Meilis"]
[Result "0-1"]
[WhiteElo "2364"]
[BlackElo "2522"]
[Annotator "TA"]
[PlyCount "120"]
[EventDate "2019.01.25"]
[EventType "swiss"]
[EventCountry "POR"]
[SourceTitle "playchess.com"]
[Source "ChessBase"]
[SourceQuality "1"]

{[%evp 11,120,-15,-19,-18,11,6,10,0,0,0,0,0,0,0,0,0,0,-26,-22,-54,-44,-66,-47,-54,-47,-62,-41,-41,-41,-49,-48,-89,-42,-86,-81,-124,-121,-106,-79,-127,-24,-16,-24,-22,-16,-14,0,-12,-2,-15,0,0,0,-24,-16,-16,-20,-54,-29,-38,-42,-70,0,0,21,0,0,0,84,-71,-72,-79,-78,-81,-75,-84,-43,-84,-79,-98,-72,-215,-243,-287,-270,-3538,-2170,-968,-627,-601,-355,-331,-323,-444,-408,-29959,-29965,-5835,-1542,-1904,-810,-5618,-808,-749,-732,-29982,-29983,-29983,-29984,-29984,-29985]} 1. g3 e5 2. Bg2 ({Predecessor:} 2. d3 d5 3. Nf3 Nc6 4. a3 a5 5. Bg2 Nf6 6. O-O {½-½ (14) Scherer,R (2175)-Friedrich,N (2320) Baden 2010}) 2... Nf6 $146 (2... d5 3. d3 {0-1 (35) Petrosian,T (2592)-Andriasian,Z (2621) Yerevan 2017}) 3. d3 d5 4. Nf3 Nc6 5. O-O Be7 6. a3 a5 7. Nc3 {A07: Réti Opening: New York and Capablanca Systems} (7. b3 O-O 8. Bb2 e4 9. Ne5 Nxe5 10. Bxe5 Ng4 11. Bf4 e3 12. Bxe3 Nxe3 13. fxe3 Bg5 14. e4 dxe4 {0-1 (35) Petrosian,T (2592)-Andriasian,Z (2621) Yerevan 2017}) 7... d4 8. Nb5 O-O 9. c3 {The position is equal.} a4 10. cxd4 exd4 {aiming for ...Ra5.} 11. b4 ({Predecessor:} 11. Bf4 Nd5 12. Bd2 Bf6 13. Rc1 Nb6 14. Bf4 {½-½ (14) Scherer,R (2175)-Friedrich,N (2320) Baden 2010}) 11... axb3 $1 12. Qxb3 Na5 13. Qc2 c5 14. Bg5 Be6 15. Bxf6 Bxf6 16. Rab1 b6 17. Nd2 Rb8 18. Be4 Be7 (18... Qd7 {with more complications.} 19. a4 Rfd8 20. Rfe1 Nc6 21. Nc4 Nb4) 19. Nc4 Nxc4 20. dxc4 f5 21. Bf3 Qd7 22. Rfd1 f4 23. Be4 Rf6 24. Qd3 ({But not} 24. Bxh7+ Kh8 $11) 24... Rh6 25. Nc3 Bg5 (25... Kh8 $17 {Hoping for ...Bxc4.} 26. e3 fxe3 27. fxe3 Bg5 28. exd4 cxd4) 26. Nd5 $11 Bxd5 27. Bxd5+ Kh8 28. Qf3 fxg3 29. hxg3 ({Don't play} 29. Qxg3 Re8 $17) 29... Re8 30. Rb2 Rf6 31. Qh5 Re5 {White should prevent ...Rxf2!} 32. Bf3 g6 33. Qg4 Qe8 34. Kg2 h5 35. Qh3 $1 Kg7 36. Rd3 Ref5 (36... Rfe6 $15) 37. Rdb3 Qd8 38. a4 Rf7 39. Qh1 Qe8 (39... h4 $11 {remains equal.}) 40. Ra2 $2 (40. Rxb6 $16 {is necessary to keep the advantage.} Bd8 41. Ra6) 40... Qe6 $36 {[%mdl 2048] White is under strong pressure.} 41. Rc2 Bd8 42. Rc1 Qe8 43. Ra1 R7f6 44. Qh3 Qf7 45. a5 Qxc4 46. a6 (46. Rab1 $17 bxa5 47. Rb7+ Rf7 48. Rxf7+ Qxf7 49. Rb7) 46... Qxb3 $19 47. a7 Rxf3 48. a8=Q $2 (48. exf3 Qxf3+ {[%mdl 64] Double Attack} 49. Kg1) 48... Rxf2+ {[%mdl 64] Double Attack} 49. Kh1 Be7 50. Qe4 Qf7 51. Qd7 Bf8 52. Qc8 {[#]} h4 $1 53. Qcg4 (53. Qcb7 $19 hxg3 54. Qxf7+ Rxf7 55. Qe5+ Kh7 56. Qxg3) (53. Qxh4 Qd5+) 53... hxg3 54. Qxg3 R6f5 (54... Bd6 $142 55. Qgh4 R6f4 {[%mdl 64] Double Attack} 56. Qxf2 Rxf2) 55. Kg1 {[#]} d3 (55... Bd6 $142 $1 {[%mdl 512]} 56. Ra7 (56. Qxd6 Rg5+) 56... Bxg3 57. Rxf7+ Rxf7 58. Qc2 Bh2+ 59. Kh1 Bd6 60. Qd1 Rf1+ 61. Qxf1 Rxf1+ 62. Kg2 Rf8 63. Kh3 c4 64. Kh4 c3 65. Kh3 c2 66. Kh4 c1=Q 67. Kh3 Qh6+ 68. Kg4 Qh5#) 56. exd3 {[#]} R2f3 (56... Bd6 $142 $1 {[%mdl 512]} 57. Qgh4 (57. Qxd6 Rg5+) 57... R5f4 {[%mdl 64] Double Attack} 58. Qxf2 Rxf2) 57. Qg2 Bd6 58. Qa8 Rg3 {Black mates.} 59. Qxg3 Bxg3 60. Ra7 Bc7 {Accuracy: White = 36%, Black = 57%.} 0-1

[Event "Portugal Open 2019"]
[Site "Lisbon"]
[Date "2019.02.07"]
[Round "6.8"]
[White "Iniyan, P."]
[Black "Miedema, David"]
[Result "1-0"]
[WhiteElo "2480"]
[BlackElo "2356"]
[Annotator "TA"]
[PlyCount "109"]
[EventDate "2019.01.25"]
[EventType "swiss"]
[EventCountry "POR"]
[SourceTitle "playchess.com"]
[Source "ChessBase"]
[SourceQuality "1"]

{[%evp 25,109,0,0,0,8,-14,-4,-62,-62,-57,-64,-64,-62,-62,-62,-62,-65,-67,-56,-268,-55,-57,14,0,0,0,99,93,93,93,94,88,97,94,83,81,70,27,39,18,40,35,49,16,54,17,59,59,74,73,76,81,79,79,236,215,233,223,214,214,293,340,322,310,303,285,656,657,634,645,633,620,582,359,379,392,552,545,29983,29984,29984,29985,29985,29986,29986,29987]} 1. d4 Nf6 2. c4 e6 3. Nc3 Bb4 4. e3 $146 ({Predecessor:} 4. Nf3 O-O 5. e3 d5 {0-1 (55) Gevorgyan,D (2395)-Rozum,I (2554) Moscow 2015}) 4... O-O 5. Bd3 d5 6. Nf3 c5 7. O-O Nc6 8. a3 Bxc3 9. bxc3 dxc4 10. Bxc4 Qc7 11. Qe2 e5 12. Nxe5 Nxe5 13. dxe5 Qxe5 14. f3 {E59: Nimzo-Indian: Rubinstein: Main Line: 7...Nc6 8 a3 Bxc3 9 bxc3 dxc4} Be6 15. Rb1 b6 (15... Qxc3 16. Bxe6 fxe6 17. Rxb7 $16) 16. Bd3 (16. e4 $11) ({Predecessor:} 16. Bxe6 Qxe6 17. c4 Rad8 18. Bb2 Rd6 19. Rbd1 Rfd8 20. e4 Ne8 21. Rxd6 Qxd6 {0-1 (55) Gevorgyan,D (2395)-Rozum,I (2554) Moscow 2015}) 16... Rfd8 $15 17. Bb2 {[#]} c4 $1 {[%mdl 512]} 18. Bc2 (18. Bxc4 Bxc4) 18... Nd5 19. Rfe1 Nxc3 {[%mdl 64] Double Attack} 20. Qf2 $1 Qa5 $1 21. Rbc1 {Threatens to win with Bxc3.} Na2 22. Rcd1 $2 (22. Qh4 $15 h6 23. Rcd1) 22... c3 $2 (22... Rxd1 $19 23. Rxd1 c3) 23. Qh4 $1 Re8 (23... Rxd1 $15 24. Qxh7+ (24. Rxd1 $2 {perishes.} g6 $19) 24... Kf8 25. Rxd1 Rc8) 24. Qxh7+ Kf8 25. Ba1 Qxa3 (25... Qg5 $1 $11) 26. Qh8+ $16 Ke7 27. Qxg7 Qc5 {[#]} 28. Bb1 $1 Rg8 29. Qd4 {Hoping for Bxa2.} Rac8 {And now ...c2 would win.} 30. Bxa2 $1 Bxa2 31. Rd3 (31. Qh4+ {seems wilder.} Qg5 32. Qb4+ Qc5 33. Bxc3 Qxb4 34. Bxb4+ Ke8 35. Rd2) 31... Qxd4 32. exd4+ Kd6 33. Bxc3 a5 34. h4 (34. d5 $5) 34... Bd5 35. Kf2 Ra8 36. h5 b5 37. Bd2 b4 38. Bf4+ Kd7 39. Re5 $36 {[%mdl 2048] Keeping Black busy.} Kc6 $2 (39... Bc4 $16 40. Rd1 Rae8) 40. Rd1 $18 Rgd8 41. Rc1+ Kb6 42. Re7 b3 43. Bc7+ {[%mdl 64] Double Attack} Kb5 44. h6 (44. Bxd8 $6 Rxd8 45. Ra1 Kb4 $18) 44... a4 {White should prevent ...b2.} 45. h7 ({Much less strong is} 45. Bxd8 $6 Rxd8 46. h7 b2 $18) 45... Rdc8 $2 (45... b2 46. Rc5+ Kb4 47. Bxd8 Rxd8 48. Rxd5 b1=Q 49. Rb7+ (49. Rxd8 Qxh7 50. Rdd7 a3 $11) 49... Kc4 50. Rxb1 Kxd5) 46. Rc5+ Kb4 {[#] White must now prevent ...b2.} 47. Ba5+ $1 {[%mdl 512]} Ka3 {Strongly threatening ...b2.} (47... Rxa5 48. Rxc8) 48. Rxd5 Rab8 {If only Black now had time for ...b2....} 49. Re3 Ka2 50. Bc3 a3 (50... b2 {was called for.} 51. Bxb2 Kxb2) 51. Ra5 {d5 is the strong threat.} Ra8 {aiming for ...Rxa5.} 52. Re2+ {White mates.} Kb1 53. Rxa8 Rxa8 54. d5 f6 55. Bxf6 {Accuracy: White = 64%, Black = 40%.} 1-0

[Event "Portugal Open 2019"]
[Site "Lisbon"]
[Date "2019.02.06"]
[Round "6.9"]
[White "Plichta, Kamil"]
[Black "Terrieux, Kevin"]
[Result "1/2-1/2"]
[WhiteElo "2347"]
[BlackElo "2459"]
[Annotator "TA"]
[PlyCount "91"]
[EventDate "2019.01.25"]
[EventType "swiss"]
[EventCountry "POR"]
[SourceTitle "playchess.com"]
[Source "ChessBase"]
[SourceQuality "1"]

{[%evp 9,91,15,11,4,20,-49,-48,-154,-47,-57,-51,-112,-114,-95,-110,-137,2,0,0,0,0,0,0,0,0,0,0,0,0,0,0,-5,0,0,0,0,0,0,0,0,0,0,0,0,0,0,0,0,0,0,0,0,0,0,0,0,0,0,0,-7,0,0,0,0,0,0,0,0,0,0,0,0,0,0,0,0,0,0,0,0,0,0,0,0]} 1. d4 d5 2. Bg5 h6 3. Bh4 c5 4. dxc5 g5 5. Bg3 Bg7 6. c3 {D00: 1 d4 d5: Unusual lines} Na6 7. h4 $146 (7. e4 $11) ({Predecessor:} 7. Nf3 Nxc5 8. Nbd2 Bf5 9. e3 Bd3 10. Nb3 Bxf1 11. Nxc5 Bxg2 12. Qa4+ {0-1 (59) Artemiev,V (2682)-Jojua,D (2581) Minsk 2017}) 7... Nxc5 $15 8. hxg5 ({Better is} 8. Nd2 $15) 8... hxg5 (8... Qb6 $17 9. Nd2 Qxb2) 9. Rxh8 Bxh8 10. Nd2 (10. f3 $1 $15) 10... Qb6 $17 11. Qc2 {[#]} Nh6 $1 12. Qh7 {[#]} Qf6 (12... Bf6 $1 $17 13. Qxh6 Qxb2) 13. e4 $36 {[%mdl 2048] The position is equal. White has the initiative.} dxe4 14. Nxe4 Nxe4 15. Qxe4 {Hoping for 0-0-0.} Qe6 16. Qxe6 Bxe6 17. Nf3 Bf6 18. Be5 Bxe5 19. Nxe5 O-O-O 20. Bc4 Bxc4 21. Nxc4 {[%mdl 4096] Endgame KRN-KRN} Nf5 22. Ke2 Nd6 23. Nxd6+ Rxd6 {KR-KR} 24. Rh1 Kd7 25. Rh3 f6 26. Re3 Rd5 27. a4 Ra5 28. Re4 b5 29. axb5 Rxb5 30. Rd4+ Kc6 31. Rc4+ Kd5 32. Rd4+ Kc6 33. Rd2 a5 34. Kd1 Rd5 35. b3 g4 36. Kc2 Rxd2+ 37. Kxd2 {KP-KP} f5 38. Ke3 e5 39. g3 Kb5 40. f3 gxf3 41. Kxf3 a4 42. bxa4+ Kxa4 43. g4 fxg4+ 44. Kxg4 {KP-KP} Kb3 45. Kf5 Kxc3 {( -> ...Kd4)} 46. Kxe5 {Accuracy: White = 69%, Black = 71%.} 1/2-1/2

[Event "Portugal Open 2019"]
[Site "Lisbon"]
[Date "2019.02.06"]
[Round "6.10"]
[White "Butkiewicz, Lukasz"]
[Black "Palozza, Christian"]
[Result "1-0"]
[WhiteElo "2445"]
[BlackElo "2237"]
[Annotator "TA"]
[PlyCount "117"]
[EventDate "2019.01.25"]
[EventType "swiss"]
[EventCountry "POR"]
[SourceTitle "playchess.com"]
[Source "ChessBase"]
[SourceQuality "1"]

{[%evp 10,117,23,10,13,16,11,11,17,-7,-2,-6,0,0,12,18,4,8,29,10,20,9,19,3,2,4,66,62,83,64,110,106,192,167,195,164,166,75,175,179,207,219,220,210,215,218,279,243,259,257,254,139,195,109,112,79,260,233,340,285,310,330,339,335,307,307,370,356,360,268,275,277,210,268,439,363,465,340,436,414,398,343,320,329,437,405,577,569,557,540,544,518,648,652,717,553,646,614,923,919,1289,1144,1258,1252,1667,1559,1740,1647,6548,4506]} 1. d4 Nf6 2. c4 e6 3. Nc3 Bb4 4. Qc2 $146 ({Predecessor:} 4. Nf3 d6 {½-½ (45) Shomoev,A (2560)-Khismatullin,D (2674) Khanty-Mansiysk 2013}) 4... d6 5. Nf3 Nbd7 6. g3 b6 {E32: Nimzo-Indian: Classical (4 Qc2): 4...0-0} 7. Bg2 Bb7 8. O-O O-O {The position is equal.} 9. Bf4 ({Predecessor:} 9. Rd1 Qe7 10. Bf4 Bxc3 {½-½ (45) Shomoev,A (2560)-Khismatullin,D (2674) Khanty-Mansiysk 2013}) 9... Bxc3 10. Qxc3 Qe7 11. Rfd1 Nh5 ({Predecessor:} 11... a5 12. b3 Rfe8 13. a3 e5 14. dxe5 Nxe5 15. Nxe5 Bxg2 16. Kxg2 dxe5 {½-½ (45) Shomoev,A (2560)-Khismatullin,D (2674) Khanty-Mansiysk 2013}) 12. Bg5 $36 {[%mdl 2048] White has some pressure.} f6 13. Bc1 f5 14. b3 Rae8 15. Ba3 Nhf6 16. Qc2 Be4 17. Qb2 Bxf3 (17... a5 $11) 18. exf3 $14 f4 19. Rac1 g5 20. c5 Nb8 (20... bxc5 $16 21. dxc5 dxc5) 21. Re1 Nd5 22. Qe2 Rf6 23. Qe4 (23. Qc4 $18) 23... Rh6 (23... b5 $16) 24. Bf1 $1 $18 c6 25. cxd6 Qf7 26. g4 b5 27. Bd3 Rf6 28. Bb2 Rd8 29. a4 b4 30. Bc4 (30. Qe5 $18) 30... h6 (30... Qf8 $16 {was called for.} 31. Bxd5 exd5) 31. Qe5 (31. Kg2 $18) 31... Nd7 $16 {[#]} 32. Qe2 $1 {aiming for Bxd5.} Nb8 $2 (32... Nf8 $16) 33. Qd2 Qb7 (33... Rxd6 $142 34. Bxd5 Rxd5 35. Qxb4 Na6) 34. Bxd5 $18 cxd5 35. Rc7 Qb6 36. Qc2 {White wants to mate with Qh7+.} Nd7 37. Rc8 ({Resist} 37. a5 $6 Qxd6 38. Rxa7 Nf8 $18) 37... Kg7 {and the idea ...Rxc8 leaves Black hopeful.} 38. Rc6 Qb8 39. a5 ({Much less strong is} 39. Rc7 Qb6 $18) 39... Nf8 40. Rc7+ Rf7 {[#]} 41. Qc5 $1 Rfd7 $2 (41... a6 {might work better.} 42. h4 Kf6) 42. Bc1 Kg8 43. Bd2 Rxd6 {Black hopes to continue with ...R6d7.} 44. Bxb4 R6d7 45. Rc1 Rxc7 46. Qxc7 Qxc7 47. Rxc7 {[%mdl 4096] Endgame KRB-KRN} Rb8 (47... a6 {was worth a try.} 48. Ra7 Ng6 49. Rxa6 Nh4 50. Rxe6 Kf7 51. Rxh6 Nxf3+ 52. Kg2 Nxd4) 48. Bd6 {White is clearly winning.} Ng6 49. b4 a6 50. Kf1 Ra8 51. Ke2 Nh8 52. Re7 Rc8 53. Bc5 Ng6 54. Rxe6 {[%mdl 64] Double Attack} Kf7 55. Rxa6 Re8+ 56. Kd3 Nh4 57. b5 {[%cal Bb4b5,Bb5b6,Bb6b7][%mdl 32]} Nxf3 58. b6 Re1 59. b7 {Accuracy: White = 70%, Black = 33%.} 1-0

[Event "Portugal Open 2019"]
[Site "Lisbon"]
[Date "2019.02.06"]
[Round "6.11"]
[White "Pantzar, Milton"]
[Black "Yankelevich, Lev"]
[Result "0-1"]
[WhiteElo "2331"]
[BlackElo "2445"]
[Annotator "NA"]
[PlyCount "72"]
[EventDate "2019.01.25"]
[EventType "swiss"]
[EventCountry "POR"]
[SourceTitle "playchess.com"]
[Source "ChessBase"]
[SourceQuality "1"]
[TimeControl "5400+30"]

1. c4 {[%emt 0:00:00]} e5 {[%emt 0:04:33]} 2. Nc3 {[%emt 0:00:00]} d6 {[%emt 0:00:05]} 3. g3 {[%emt 0:04:18]} f5 {[%emt 0:00:17]} 4. Bg2 {[%emt 0:02:21]} Nf6 {[%emt 0:00:28]} 5. d3 {[%emt 0:02:20]} g6 {[%emt 0:00:32]} 6. Nf3 {[%emt 0:02:19]} Bg7 {[%emt 0:00:06]} 7. O-O {[%emt 0:00:22]} O-O {[%emt 0:00:28]} 8. Rb1 {[%emt 0:03:24]} a5 {[%emt 0:01:01]} 9. a3 {[%emt 0:02:11]} Nc6 {[%emt 0:04:23]} 10. b4 {[%emt 0:02:18]} axb4 {[%emt 0:00:29]} 11. axb4 {[%emt 0:00:10]} Nd4 {[%emt 0:11:01] [#]} (11... Qe7 $11 {remains equal.}) 12. Nxd4 $1 {[%emt 0:14:53]} exd4 {[%emt 0:00:35]} 13. Nb5 {[%emt 0:00:32]} Ne8 {[%emt 0:08:11]} 14. Bb2 {[%emt 0:03:01]} c5 {[%emt 0:02:19]} 15. bxc5 {[%emt 0:07:43]} dxc5 {[%emt 0:00:07]} 16. Ba3 {[%emt 0:01:07]} Qe7 {[%emt 0:00:28]} 17. Ra1 {[%emt 0:02:59]} Ra6 {[%emt 0:00:07]} 18. Qc2 {[%emt 0:10:55]} ({Better is} 18. Re1 $11) 18... f4 $1 {[%emt 0:02:04]} 19. Ra2 {[%emt 0:02:23]} h5 {[%emt 0:06:14]} 20. Bc1 {[%emt 0:10:38]} fxg3 {[%emt 0:04:45]} 21. hxg3 {[%emt 0:01:54]} h4 {[%emt 0:00:04]} 22. Bf4 {[%emt 0:07:12]} g5 {[%emt 0:01:43]} 23. Bb8 {[%emt 0:00:41]} Be5 {[%emt 0:00:27]} 24. Bd5+ {[%emt 0:03:34]} Kg7 {[%emt 0:00:15]} 25. Bxe5+ {[%emt 0:00:35]} Qxe5 {[%emt 0:00:03]} 26. e3 {[%emt 0:07:25]} Rxa2 {[%emt 0:01:52]} (26... hxg3 $142 27. Rxa6 bxa6 28. exd4 cxd4) 27. Qxa2 {[%emt 0:00:57]} hxg3 {[%emt 0:06:11]} 28. exd4 {[%emt 0:00:44]} cxd4 {[%emt 0:01:23]} 29. Qd2 {[%emt 0:05:45]} Nf6 $11 {[%emt 0:01:24]} (29... Bh3 $5 {[%cal Rh3f1]} 30. Bg2 Bxg2 31. Kxg2 gxf2 32. Rxf2 Rh8 $17) 30. Bg2 {[%emt 0:00:50]} (30. Re1 $11 Qf5 31. Bg2) 30... Ng4 {[%emt 0:01:26]} 31. fxg3 {[%emt 0:00:23]} Rxf1+ {[%emt 0:01:16]} 32. Kxf1 {[%emt 0:00:07]} Kh6 {[%emt 0:00:17]} 33. Kg1 {[%emt 0:01:08]} Bf5 {[%emt 0:01:52]} 34. Bxb7 {[%emt 0:01:17]} Qxg3+ {[%emt 0:00:08]} 35. Qg2 {[%emt 0:00:22]} Qe3+ {[%emt 0:05:25]} 36. Kh1 {[%emt 0:00:05]} Qe1+ 0-1

[Event "Portugal Open 2019"]
[Site "Lisbon"]
[Date "2019.02.06"]
[Round "6.12"]
[White "Shailesh, Dravid"]
[Black "Alshameary Puente, Ismael"]
[Result "0-1"]
[WhiteElo "2324"]
[BlackElo "2418"]
[Annotator "NA"]
[PlyCount "56"]
[EventDate "2019.01.25"]
[EventType "swiss"]
[EventCountry "POR"]
[SourceTitle "playchess.com"]
[Source "ChessBase"]
[SourceQuality "1"]
[TimeControl "5400+30"]

1. e4 {[%emt 0:00:00]} c5 {[%emt 0:00:42]} 2. Nf3 {[%emt 0:00:16]} d6 {[%emt 0:00:09]} 3. d4 {[%emt 0:00:04]} cxd4 {[%emt 0:00:09]} 4. Nxd4 {[%emt 0:00:04]} Nf6 {[%emt 0:00:20]} 5. Nc3 {[%emt 0:00:05]} a6 {[%emt 0:00:45]} 6. Bg5 {[%emt 0:00:06]} e6 {[%emt 0:00:08]} 7. f4 {[%emt 0:00:05]} h6 {[%emt 0:01:12]} 8. Bh4 {[%emt 0:00:12]} Be7 {[%emt 0:01:14]} 9. Qf3 {[%emt 0:00:09]} Nc6 {[%emt 0:01:21]} 10. Nxc6 {[%emt 0:05:10]} bxc6 {[%emt 0:02:15]} 11. e5 {[%emt 0:01:50]} Nd5 {[%emt 0:02:34]} 12. Bxe7 {[%emt 0:00:17]} Qxe7 {[%emt 0:00:24]} 13. Ne4 {[%emt 0:00:29]} dxe5 {[%emt 0:00:16]} 14. fxe5 {[%emt 0:00:05]} Qb4+ {[%emt 0:00:34]} 15. c3 {[%emt 0:02:13]} Qxb2 {[%emt 0:00:06]} 16. Nd6+ {[%emt 0:00:16]} Ke7 {[%emt 0:00:02]} 17. Rd1 {[%emt 0:22:57]} Qxc3+ {[%emt 0:03:37]} 18. Qxc3 {[%emt 0:00:50]} Nxc3 {[%emt 0:00:02]} 19. Rc1 {[%emt 0:00:10]} (19. Rd3 $17 Nb5 20. Be2) 19... Nxa2 {[%emt 0:03:24]} 20. Rxc6 $19 {[%emt 0:00:33]} Bd7 {[%emt 0:02:29]} 21. Rc7 {[%emt 0:00:05]} f6 {[%emt 0:04:47]} 22. Bc4 {[%emt 0:06:39]} fxe5 {[%emt 0:01:20]} 23. Bxa2 {[%emt 0:03:51]} Kxd6 {[%emt 0:00:02]} 24. Rc2 {[%emt 0:00:04]} Bb5 {[%emt 0:01:00]} 25. Kf2 {[%emt 0:00:08]} Rac8 {[%emt 0:00:19]} 26. Rd2+ {[%emt 0:00:06]} Ke7 {[%emt 0:00:01]} 27. Rhd1 {[%emt 0:01:09]} Rhf8+ {[%emt 0:00:42]} 28. Kg1 {[%emt 0:00:20]} Rfd8 {[%emt 0:00:20]} 0-1

[Event "Portugal Open 2019"]
[Site "Lisbon"]
[Date "2019.02.06"]
[Round "6.13"]
[White "Rajesh, V A V"]
[Black "Costa, Paulo"]
[Result "1-0"]
[WhiteElo "2406"]
[BlackElo "2200"]
[Annotator "TA"]
[PlyCount "67"]
[EventDate "2019.01.25"]
[EventType "swiss"]
[EventCountry "POR"]
[SourceTitle "playchess.com"]
[Source "ChessBase"]
[SourceQuality "1"]

{[%evp 20,67,1,-9,43,0,0,0,144,116,285,280,316,297,333,317,319,316,340,313,318,247,233,225,202,223,216,208,201,186,349,360,322,295,335,218,372,331,502,511,614,594,595,584,769,770,3360,2664,29981,29982]} 1. d4 Nf6 2. c4 e6 3. Nc3 Bb4 4. e3 O-O 5. Bd3 d5 6. cxd5 exd5 7. Nge2 c5 8. O-O Nc6 9. a3 c4 {E48: Nimzo-Indian: Rubinstein: 5 Bd3 d5 including 6 Ne2, but excluding 6 a3} (9... Bxc3 10. bxc3 Re8 11. Ng3 b6 12. f3 a5 13. Kh1 Ba6 14. Bxa6 Rxa6 15. Ra2 Ra7 16. a4 Rae7 17. Qb3 cxd4 18. cxd4 Nb4 19. Re2 Rc7 20. Ba3 {0-1 (40) Tregubov,P (2585)-Mareco,S (2635) Doha 2016}) 10. Bc2 Bd6 11. f3 {LiveBook: 3 Games} Re8 ({Black should play} 11... Bc7 $1 $11) 12. e4 dxe4 13. fxe4 Ng4 $146 {[#]} (13... Bg4 $1 $11) ({Predecessor:} 13... Bg4 14. Bg5 Be7 15. Be3 Bxe2 16. Nxe2 Qb6 17. Rb1 Ng4 18. Bf4 Bf6 19. Kh1 Red8 20. Ng3 Nge5 21. d5 Ne7 {½-½ (21) Schutt,R (2473)-Gonzalez,F Elo-36 vs UECC-1 1999}) 14. h3 $1 $16 {[%cal Rh3g4]} Qh4 $2 (14... Bh2+ $16 15. Kh1 Bc7) 15. Bf4 $18 Bxf4 16. Rxf4 g5 17. Rxg4 Bxg4 18. hxg4 Re6 19. Qe1 Qxg4 20. d5 Ne5 {[#] aiming for ...Nf3+.} 21. Qg3 Qxg3 22. Nxg3 Rb6 23. Na4 Ra6 24. Rf1 Nd3 $2 (24... Kh8 25. Nf5 Rc8) 25. Bxd3 Rxa4 26. Bc2 Ra6 27. Ne2 b5 $2 (27... Rd8 28. Nd4 c3) 28. Nd4 Rb6 (28... Rd6 $142 29. Nf5 (29. Nxb5 Rb6 $18) 29... Rd7) 29. Nc6 a5 30. e5 b4 31. a4 b3 32. Be4 Rb4 33. Nxb4 axb4 34. d6 {Precision: White = 78%, Black = 25%.} 1-0

[Event "Portugal Open 2019"]
[Site "Lisbon"]
[Date "2019.02.06"]
[Round "6.14"]
[White "Sousa, Ludy Helsio Paulo"]
[Black "Sukandar, Irine Kharisma"]
[Result "1-0"]
[WhiteElo "2169"]
[BlackElo "2397"]
[Annotator "TA"]
[PlyCount "145"]
[EventDate "2019.01.25"]
[EventType "swiss"]
[EventCountry "POR"]
[SourceTitle "playchess.com"]
[Source "ChessBase"]
[SourceQuality "1"]

{[%evp 16,145,14,0,77,93,104,115,195,182,275,260,267,260,314,297,287,281,264,258,272,255,312,310,404,389,388,372,377,382,445,432,430,433,422,421,432,427,566,573,543,433,526,397,408,385,446,411,428,431,601,581,608,602,653,634,652,641,882,736,683,603,572,382,395,279,284,259,388,391,400,316,444,389,586,585,762,797,801,442,445,470,617,634,757,755,712,702,892,887,874,855,1148,1140,1754,801,792,783,782,776,762,758,723,721,690,686,877,961,4005,2893,2304,2383,4133,4133,29977,4133,29981,29982,29980,2988,2255,2027,4133,1587,1528,1503,29984,29985,29991,29992,29992,29993]} 1. e4 c5 2. Nf3 ({Predecessor:} 2. Nc3 e6 3. Nf3 Nc6 4. d4 cxd4 {1-0 (35) Martinez,R-Guerra Bastida,D (2290) Mesa 1992}) 2... e6 $146 (2... Nc6 3. d4 cxd4 4. Nxd4 Nf6 5. Nc3 d6 6. Bc4 e6 {1-0 (30) Morozevich,A (2656)-Kryakvin,D (2588) Khanty-Mansiysk 2018}) 3. d4 cxd4 4. Nxd4 Nc6 5. Nc3 d6 6. Be3 Nf6 7. Bc4 Be7 8. Qe2 O-O 9. O-O-O Ne5 {B89: Sicilian: Velimirovic Attack} (9... Qc7 $11) (9... a6 10. Bb3 Qe8 11. Nxc6 Qxc6 12. Bg5 b5 13. f4 Ra7 14. e5 dxe5 15. fxe5 Nd5 16. Ne4 Bxg5+ 17. Nxg5 Qc5 18. Rhe1 Nf4 {1-0 (30) Morozevich,A (2656)-Kryakvin,D (2588) Khanty-Mansiysk 2018}) 10. Bb3 $1 $16 Neg4 11. Bg5 Qa5 {[#]} (11... h6 $16) 12. f4 $1 $18 e5 {[#]} (12... h6 {is a better defense.}) 13. Nf5 $1 {[%cal Rf5e7]} Bxf5 14. exf5 Qc5 ({Predecessor:} 14... Qa6 15. Bc4 Qb6 16. Rhe1 Rac8 17. h3 Rxc4 18. Bxf6 Bxf6 {1-0 (35) Martinez,R-Guerra Bastida,D (2290) Mesa 1992}) 15. h3 Qe3+ 16. Rd2 Qxe2 17. Rxe2 Nh6 18. g4 Bd8 19. Rd1 ({Don't do} 19. fxe5 dxe5 20. Bd2 Nd7 $18) 19... Bb6 20. Rxd6 exf4 21. Bxf4 Bc7 22. Rd4 Rad8 23. Rc4 ({Weaker is} 23. Bxc7 Rxd4 24. Be5 Rdd8 $18) 23... Bxf4+ 24. Rxf4 Kh8 25. Rb4 g5 26. Rxb7 Rd4 27. Rxa7 Rf4 28. Rae7 Rd8 29. a4 Nhg8 30. R7e3 h5 31. gxh5 Nh6 32. Rd3 Rxd3 33. cxd3 Nxf5 {Now ...Nd4 and Black clings on.} 34. Bxf7 Rf1+ 35. Nd1 Kg7 36. Bc4 Nd4 37. Rf2 Rh1 {[#]} 38. h6+ $1 Kg6 (38... Kxh6 39. Rxf6+) 39. h7 Rxh3 40. Nc3 Rxh7 41. Nd5 Ng4 (41... Nxd5 {keeps fighting.} 42. Bxd5 Ra7) 42. Rg2 Ne5 43. Kd2 Rh1 (43... Ra7 $142 44. Kc3 Nef3) 44. Kc3 Nf5 (44... Nxc4 $142 45. Kxd4 Rh4+ 46. Kc3 Nd6) 45. b4 Nh4 46. Re2 Nhf3 47. Ba2 Rc1+ 48. Rc2 Rd1 49. Bc4 Ra1 50. a5 g4 51. Ra2 Rc1+ 52. Kb2 Rh1 53. a6 g3 54. a7 Rh2+ 55. Kc1 (55. Kc3 $142) 55... Rxa2 56. Bxa2 Nxd3+ {[%mdl 4096] Endgame KBN-KNN} 57. Kc2 g2 58. Kxd3 g1=Q 59. a8=Q Ne5+ 60. Kc2 {Intending Qg8+ and mate.} Qg2+ 61. Kb3 {White wants to mate with Qg8+.} Qh3+ 62. Ka4 {Nf4+ would kill now.} Qd7+ 63. b5 {Threatening mate with Qa6+.} Qg4+ 64. Ka5 Qd4 65. Qg8+ (65. Qe8+ $142 Kg7 66. Qe7+ Nf7 67. b6 Qa1 68. Nb4 Qe5+ 69. Qxe5+ Nxe5 70. b7) 65... Kh6 66. Qh8+ Kg5 67. Qg7+ (67. Qd8+ $142 Kh6 68. Qf6+ Kh5 69. Nf4+ Kg4 70. Be6+ Kf3 71. Nd3+ Kg2 72. Bd5+ Kh3 73. Be6+ Kg2 74. Nxe5 Qa7+ 75. Kb4 Qd4+ 76. Bc4 Qd2+ 77. Kc5 Qe3+ 78. Kc6) 67... Kh4 68. Qh6+ Kg4 69. Nf6+ Kg3 70. Qg5+ Kf2 {[#]} 71. Qxe5 $1 {[%mdl 512] White mates.} Qa7+ (71... Qxe5 72. Ng4+) 72. Kb4 Qxa2 73. Qh2+ {Accuracy: White = 79%, Black = 29%.} 1-0